| 000 | 00861cam a22002054a 4500 | ||
|---|---|---|---|
| 005 | 20250605164303.0 | ||
| 008 | 250528s ||||||||||||||||||||||||d | ||
| 035 | _a22164 | ||
| 040 |
_aGR-AtMCL _bgre _dGR-AtMCL _eAACR2 |
||
| 245 | 1 | _aΔΙΗΓΗΜΑΤΑ | |
| 250 | _a5 | ||
| 300 | _a176 | ||
| 505 | 0 | _aΠΕΡΙΛΑΜΒΑΝΕΙ ΤΑ ΠΑΡΑΚΑΤΩ: Η ΦΛΟΓΕΡΑ ΓΙΑΝΝΟΣ ΚΑΙ ΜΑΡΩ ΣΠΑΘΟΓΙΑΝΝΟΣ Ο ΑΦΩΡΕΣΜΕΝΟΣ ΝΕΟΙ ΘΕΟΙ ΗΜΕΡΑΙ ΤΗΣ ΓΡΙΑΣ | |
| 520 | _aΠΕΡΙΛΑΜΒΑΝΕΙ ΤΑ ΠΑΡΑΚΑΤΩ: Η ΦΛΟΓΕΡΑ ΓΙΑΝΝΟΣ ΚΑΙ ΜΑΡΩ ΣΠΑΘΟΓΙΑΝΝΟΣ Ο ΑΦΩΡΕΣΜΕΝΟΣ ΝΕΟΙ ΘΕΟΙ ΗΜΕΡΑΙ ΤΗΣ ΓΡΙΑΣ | ||
| 700 | 1 |
_aΚαρκαβιτσας Ανδρεας _98029 |
|
| 942 | _cBK | ||
| 260 | _bΕστια | ||
| 999 |
_c7220 _d7220 |
||